2016 NBA draft - Statistics

General Stats
  • This quiz has been taken 5,308 times
  • The average score is 11 of 60
Answer Stats
# Team Answer % Correct
1 76ers Ben Simmons
98%
2 Lakers Brandon Ingram
86%
3 Celtics Jaylen Brown
84%
4 Suns Dragan Bender
58%
6 Pelicans Buddy Hield
55%
5 Timberwolves Kris Dunn
55%
29 Spurs Dejounte Murray
53%
7 Nuggets Jamal Murray
53%
10 Bucks Thon Maker
34%
8 Kings Marquese Chriss
29%
14 Bulls Denzel Valentine
25%
11 Magic Domantas Sabonis
21%
25 Clippers Brice Johnson
20%
9 Raptors Jakob Pöltl
20%
36 Bucks Malcolm Brogdon
20%
27 Raptors Pascal Siakam
19%
30 Warriors Damian Jones
18%
45 Celtics Demetrius Jackson
17%
34 Suns Tyler Ulis
14%
12 Jazz Taurean Prince
13%
31 Celtics Deyonta Davis
12%
13 Suns Georgios Papagiannis
11%
38 Bucks Patrick McCaw
11%
28 Suns Skal Labissière
11%
18 Pistons Henry Ellenson
10%
32 Lakers Ivica Zubac
10%
15 Nuggets Juan Hernangómez
10%
17 Grizzlies Wade Baldwin IV
10%
40 Pelicans Diamond Stone
9%
22 Hornets Malachi Richardson
9%
19 Nuggets Malik Beasley
9%
24 76ers Timothé Luwawu
9%
20 Pacers Caris LeVert
8%
21 Hawks DeAndre' Bembry
8%
16 Celtics Guerschon Yabusele
8%
54 Hawks Kay Felder
8%
23 Celtics Ante Žižić
6%
33 Clippers Cheick Diallo
6%
26 76ers Furkan Korkmaz
6%
42 Jazz Isaiah Whitehead
6%
55 Nets Marcus Paige
6%
43 Rockets Zhou Qi
6%
51 Celtics Ben Bentil
5%
37 Rockets Chinanu Onuaku
5%
50 Pacers Georges Niang
5%
59 Kings Isaiah Cousins
5%
48 Bulls Paul Zipser
5%
41 Magic Stephen Zimmerman
5%
58 Celtics Abdel Nader
4%
46 Mavericks A. J. Hammons
4%
44 Hawks Isaia Cordinier
4%
47 Magic Jake Layman
4%
52 Jazz Joel Bolomboy
4%
49 Pistons Michael Gbinije
4%
35 Celtics Rade Zagorac
4%
60 Jazz Tyrone Wallace
4%
56 Nuggets Daniel Hamilton
3%
39 Pelicans David Michineau
3%
53 Nuggets Petr Cornelie
3%
57 Grizzlies Wang Zhelin
3%
No matching quizzes found
Score Distribution
Percent of People with Each Score
Percentile by Number Answered
Your Score History
You have not taken this quiz